Miasta w Polsce powyżej 25 000 - Statystyki

Ogólne statystyki
  • Ten quiz został rozwiązany 54 razy
  • Średni wynik to 109 z 172
Statystyki odpowiedzi
Hint Odpowiedź % Poprawnych
Miasto Poznań
98%
Miasto Warszawa
98%
Miasto Białystok
95%
Miasto Gdańsk
95%
Miasto Kraków
95%
Miasto Łódź
95%
Miasto Lublin
95%
Miasto Wrocław
95%
Miasto Bydgoszcz
93%
Miasto Gdynia
93%
Miasto Rzeszów
93%
Miasto Szczecin
93%
Miasto Częstochowa
90%
Miasto Katowice
90%
Miasto Olsztyn
90%
Miasto Opole
90%
Miasto Radom
90%
Miasto Toruń
90%
Miasto Zabrze
90%
Miasto Zielona Góra
90%
Miasto Kielce
88%
Miasto Elbląg
86%
Miasto Gliwice
86%
Miasto Sopot
86%
Miasto Tarnów
86%
Miasto Tychy
86%
Miasto Bytom
83%
Miasto Gorzów Wielkopolski
81%
Miasto Koszalin
81%
Miasto Legnica
81%
Miasto Płock
81%
Miasto Przemyśl
81%
Miasto Chorzów
79%
Miasto Kołobrzeg
79%
Miasto Słupsk
79%
Miasto Suwałki
79%
Miasto Świnoujście
79%
Miasto Wałbrzych
79%
Miasto Biała Podlaska
76%
Miasto Bielsko-Biała
76%
Miasto Ełk
76%
Miasto Krosno
76%
Miasto Lubin
76%
Miasto Włocławek
76%
Miasto Gniezno
74%
Miasto Jaworzno
74%
Miasto Kalisz
74%
Miasto Kędzierzyn-Koźle
74%
Miasto Łomża
74%
Miasto Piła
74%
Miasto Pruszków
74%
Miasto Zamość
74%
Miasto Inowrocław
71%
Miasto Jastrzębie-Zdrój
71%
Miasto Jelenia Góra
71%
Miasto Mielec
71%
Miasto Nowy Sącz
71%
Miasto Radomsko
71%
Miasto Ruda Śląska
71%
Miasto Sanok
71%
Miasto Siedlce
71%
Miasto Zakopane
71%
Miasto Augustów
69%
Miasto Chełm
69%
Miasto Grodzisk Mazowiecki
69%
Miasto Leszno
69%
Miasto Piotrków Trybunalski
69%
Miasto Rybnik
69%
Miasto Sosnowiec
69%
Miasto Stargard
69%
Miasto Grudziądz
67%
Miasto Legionowo
67%
Miasto Ostrów Wielkopolski
67%
Miasto Puławy
67%
Miasto Racibórz
67%
Miasto Siemianowice Śląskie
67%
Miasto Stalowa Wola
67%
Miasto Tczew
67%
Miasto Wejherowo
67%
Miasto Żory
67%
Miasto Jarosław
64%
Miasto Jasło
64%
Miasto Kutno
64%
Miasto Malbork
64%
Miasto Nysa
64%
Miasto Ostrołęka
64%
Miasto Oświęcim
64%
Miasto Piaseczno
64%
Miasto Wołomin
64%
Miasto Bełchatów
62%
Miasto Głogów
62%
Miasto Konin
62%
Miasto Rumia
62%
Miasto Zgierz
62%
Miasto Będzin
60%
Miasto Cieszyn
60%
Miasto Iława
60%
Miasto Mińsk Mazowiecki
60%
Miasto Nowy Targ
60%
Miasto Sieradz
60%
Miasto Skierniewice
60%
Miasto Tarnobrzeg
60%
Miasto Ząbki
60%
Miasto Zgorzelec
60%
Miasto Dębica
57%
Miasto Mysłowice
57%
Miasto Pabianice
57%
Miasto Tomaszów Mazowiecki
57%
Miasto Żary
57%
Miasto Żyrardów
57%
Miasto Brzeg
55%
Miasto Ciechanów
55%
Miasto Giżycko
55%
Miasto Lębork
55%
Miasto Otwock
55%
Miasto Piekary Śląskie
55%
Miasto Starogard Gdański
55%
Miasto Świdnica
55%
Miasto Szczecinek
55%
Miasto Chojnice
52%
Miasto Chrzanów
52%
Miasto Łowicz
52%
Miasto Ostrowiec Świętokrzyski
52%
Miasto Skarżysko-Kamienna
52%
Miasto Starachowice
52%
Miasto Tarnowskie Góry
52%
Miasto Wieliczka
52%
Miasto Zawiercie
52%
Miasto Zduńska Wola
52%
Miasto Jarocin
50%
Miasto Marki
50%
Miasto Mława
50%
Miasto Oleśnica
50%
Miasto Olkusz
50%
Miasto Ostróda
50%
Miasto Reda
50%
Miasto Świdnik
50%
Miasto Żywiec
50%
Miasto Bolesławiec
48%
Miasto Kraśnik
48%
Miasto Kwidzyn
48%
Miasto Myszków
48%
Miasto Nowy Dwór Mazowiecki
48%
Miasto Pruszcz Gdański
48%
Miasto Świętochłowice
48%
Miasto Kętrzyn
45%
Miasto Oława
45%
Miasto Police
45%
Miasto Sochaczew
45%
Miasto Wodzisław Śląski
45%
Miasto Wyszków
45%
Miasto Bochnia
43%
Miasto Czechowice-Dziedzice
43%
Miasto Dzierżoniów
43%
Miasto Września
43%
Miasto Czeladź
40%
Miasto Nowa Sól
40%
Miasto Luboń
38%
Miasto Mikołów
38%
Miasto Pszczyna
38%
Miasto Gorlice
36%
Miasto Łuków
36%
Miasto Knurów
33%
Miasto Krotoszyn
33%
Miasto Śrem
33%
Miasto Wągrowiec
31%
Miasto Brodnica
29%
Miasto Swarzędz
29%
Miasto Czerwionka-Leszczyny
21%
Miasto Bielawa
19%
Miasto Kobyłka
14%
Miasto Dąbrowa Gónicza
5%
Nie znaleziono quizów pasujących do podanych kryteriów
Rozkład punktacji
Procent ludzi z każdym wynikiem
Percentyl według liczby udzielonych odpowiedzi
Twoja historia wyników
Nie rozwiązałeś tego quizu